Podnikanie v kontexte politiky podpory investícií

Politika podpory investícií a jej nástroje. Priama podpora investícií a nepriama forma podpory investícií. Analýza aplikácie priamych nástrojov politiky podpory investícií v Slovenskej republike. Vývoj poskytovania jednotlivých foriem investičnej pomoci v SR (2002-2010). Regionálne rozdelenie poskyt...

Full description

Saved in:
Bibliographic Details
Main Author: Bobenič Hintošová, Aneta, 1979-
Format: Book Chapter
Language:Slovak
Subjects:
Tags: Add Tag
No Tags, Be the first to tag this record!

MARC

LEADER 00000nla$a2200000$$$4500
001 0147042
005 20240502083340.4
041 0 |a slo 
044 |a CZ 
245 1 0 |a Podnikanie v kontexte politiky podpory investícií  |c Aneta Bobenič Hintošová 
520 |a Politika podpory investícií a jej nástroje. Priama podpora investícií a nepriama forma podpory investícií. Analýza aplikácie priamych nástrojov politiky podpory investícií v Slovenskej republike. Vývoj poskytovania jednotlivých foriem investičnej pomoci v SR (2002-2010). Regionálne rozdelenie poskytovania investičnej pomoci v SR. Aktuálne nastavenie priamych nástrojov politiky podpory investícií v SR. 
610 2 0 |a investície 
610 2 0 |a dotácie investičné 
610 2 0 |a úľavy daňové 
610 2 0 |a pomoc finančná 
610 2 0 |a pomoc štátna 
610 2 0 |a legislatíva 
610 2 0 |a Slovensko 
100 1 |a Bobenič Hintošová, Aneta, 1979-